| 000 | 00652nam a2200217 a 4500 | ||
|---|---|---|---|
| 001 | 000019916 | ||
| 005 | 20200929170205.0 | ||
| 008 | 100709s1998 ec r 000 p spa d | ||
| 020 | _a9978621105 | ||
| 040 |
_aDO-SdBNP _bspa _cBNPHU |
||
| 082 |
_aE861.44 _bE829d |
||
| 100 | 1 |
_aEstupiñán Bass, Nelson, _d1912-2002 _919816 |
|
| 245 | 1 | 0 |
_aDuelo de gigantes / _cNelson Estupiñán Bass. |
| 250 | _a3a ed. | ||
| 260 |
_aQuito : _bCasa de la Cultura Ecuatoriana, _c1998. |
||
| 300 |
_a133 p. ; _c21 cm. |
||
| 500 | _aIncluye glosario de términos. | ||
| 650 | 4 |
_aPoesía ecuatoriana _913387 |
|
| 650 | 4 |
_aLiteratura ecuatoriana _93938 |
|
| 049 | _aBNGR | ||
| 999 |
_c19429 _d19429 |
||